A vida da célula
Guardat en:
| Autor principal: | |
|---|---|
| Format: | Llibre |
| Idioma: | portuguès |
| Publicat: |
Washington, D.C
OEA
1980
|
| Edició: | 2a. ed |
| Col·lecció: | Serie de Biologia. Monografías, 5
|
| Matèries: | |
| Etiquetes: |
Afegir etiqueta
Sense etiquetes, Sigues el primer a etiquetar aquest registre!
|
MARC
| LEADER | 00000nam a2200000 a 4500 | ||
|---|---|---|---|
| 001 | UCX1018 | ||
| 003 | CL-VaPUC | ||
| 008 | 900516e19800000US |||||||||||||||||por|d | ||
| 082 | 0 | 4 | |a 571.6 |b BAS |2 21 |
| 100 | 0 | |a Basile, Renato |e author |9 316420 | |
| 245 | 1 | 0 | |a A vida da célula |
| 250 | |a 2a. ed | ||
| 300 | |a 117 p | ||
| 942 | |c BK | ||
| 945 | |d 19900516 00:00:00 | ||
| 260 | |a Washington, D.C |b OEA |c 1980 | ||
| 650 | 0 | |a Citología |9 261432 | |
| 650 | 0 | |a Células |9 269548 | |
| 583 | |a last modification |c 19900516 00:00:00 |k Rodrigo Vera | ||
| 490 | 0 | |a Serie de Biologia. Monografías, 5 | |
| 999 | |c 222370 |d 222368 | ||